MARC details
| 000 -LEADER |
| fixed length control field |
01772cam a2200385 a 4500 |
| 001 - CONTROL NUMBER |
| control field |
2087189 |
| 005 - DATE AND TIME OF LATEST TRANSACTION |
| control field |
20260505164417.0 |
| 008 - FIXED-LENGTH DATA ELEMENTS--GENERAL INFORMATION |
| fixed length control field |
950425s1995 dcua b 100 0 eng |
| 010 ## - LIBRARY OF CONGRESS CONTROL NUMBER |
| LC control number |
95017519 |
| 020 ## - INTERNATIONAL STANDARD BOOK NUMBER |
| International Standard Book Number |
0821333208 |
| 020 ## - INTERNATIONAL STANDARD BOOK NUMBER |
| International Standard Book Number |
9780821333204 |
| 035 ## - SYSTEM CONTROL NUMBER |
| System control number |
2087189 |
| 040 ## - CATALOGING SOURCE |
| Transcribing agency |
IRDP |
| 050 00 - LIBRARY OF CONGRESS CALL NUMBER |
| Classification number |
HC79.E5 |
| Item number |
I5333 1994 |
| 082 00 - DEWEY DECIMAL CLASSIFICATION NUMBER |
| Classification number |
363.76 |
| Edition number |
20 |
| 111 2# - MAIN ENTRY--MEETING NAME |
| Meeting name or jurisdiction name as entry element |
International Conference on Environmentally Sustainable Development |
| Number of part/section/meeting |
(2nd : |
| Date of meeting |
1994 : |
| Location of meeting |
World Bank) |
| 245 14 - TITLE STATEMENT |
| Title |
The human face of the urban environment : |
| Remainder of title |
proceedings of the second annual World Bank Conference on Environmentally Sustainable Development held at the National Academy of Sciences and the World Bank, Washington, D.C. September 19-21, 1994 / |
| Statement of responsibility, etc. |
Ismail Serageldin, Michael A. Cohen, K.C. Sivaramakrishnan, editors. |
| 260 ## - PUBLICATION, DISTRIBUTION, ETC. (IMPRINT) |
| Place of publication, distribution, etc. |
Washington, D.C. : |
| Name of publisher, distributor, etc. |
World Bank, |
| Date of publication, distribution, etc. |
c1995. |
| 300 ## - PHYSICAL DESCRIPTION |
| Extent |
x, 348 p. : |
| Other physical details |
ill. ; |
| Dimensions |
28 cm. |
| 440 #0 - SERIES STATEMENT/ADDED ENTRY--TITLE |
| Title |
Environmentally sustainable development proceedings series ; |
| Volume/sequential designation |
no. 6 |
| 500 ## - GENERAL NOTE |
| General note |
"Sponsored by The World Bank." |
| 504 ## - BIBLIOGRAPHY, ETC. NOTE |
| Bibliography, etc |
Includes bibliographical references. |
| 650 #0 - SUBJECT ADDED ENTRY--TOPICAL TERM |
| Topical term or geographic name as entry element |
Sustainable urban development |
| Form subdivision |
Congresses. |
| 650 #0 - SUBJECT ADDED ENTRY--TOPICAL TERM |
| Topical term or geographic name as entry element |
Pollution |
| General subdivision |
Government policy |
| Form subdivision |
Congresses. |
| 650 #0 - SUBJECT ADDED ENTRY--TOPICAL TERM |
| Topical term or geographic name as entry element |
Human ecology |
| Form subdivision |
Congresses. |
| 655 #7 - INDEX TERM--GENRE/FORM |
| Genre/form data or focus term |
Conference papers and proceedings. |
| Source of term |
lcgft |
| 700 1# - ADDED ENTRY--PERSONAL NAME |
| Personal name |
Serageldin, Ismail, |
| Dates associated with a name |
1944- |
| 700 1# - ADDED ENTRY--PERSONAL NAME |
| Personal name |
Cohen, Michael A., |
| Dates associated with a name |
1944- |
| 700 1# - ADDED ENTRY--PERSONAL NAME |
| Personal name |
Sivaramakrishnan, K. C. |
| Fuller form of name |
(Kallidaikurichi Chidambarakrishnan), |
| Dates associated with a name |
1935-2015. |
| 710 2# - ADDED ENTRY--CORPORATE NAME |
| Corporate name or jurisdiction name as entry element |
World Bank. |
| 906 ## - LOCAL DATA ELEMENT F, LDF (RLIN) |
| a |
7 |
| b |
cbc |
| c |
orignew |
| d |
1 |
| e |
ocip |
| f |
19 |
| g |
y-gencatlg |
| 942 ## - ADDED ENTRY ELEMENTS (KOHA) |
| Source of classification or shelving scheme |
Dewey Decimal Classification |
| Koha item type |
BOOKS |